Úradné meranie ekvivalentnej dávky pre očnú šošovku.
Gespeichert in:
| 1. Verfasser: | |
|---|---|
| Weitere Verfasser: | |
| Format: | Manuskript Buch |
| Sprache: | Slowakisch |
| Veröffentlicht: |
2016
|
| Schlagworte: | |
| Online-Zugang: | http://is.stuba.sk/zp/portal_zp.pl?podrobnosti=120565 |
| Tags: |
Keine Tags, Fügen Sie das erste Tag hinzu!
|
MARC
| LEADER | 00000ntm a22000003a 4500 | ||
|---|---|---|---|
| 001 | stuzp57895 | ||
| 003 | SK-STU | ||
| 005 | 20160719155409.9 | ||
| 007 | ta | ||
| 008 | 150427s2015----xo-----f-mn---000-0-slo-d | ||
| 040 | |a STU |b slo | ||
| 041 | 0 | |a slo | |
| 100 | 1 | |a Maňúrová, Miroslava |u 020020 |k Z4 |4 aut |U SjF Strojnícka fakulta |T SjF Ústav automatizácie, merania a aplikovanej informatiky |X 9847 |U J0020 |Y 802 |7 A000009847 | |
| 242 | 0 | 1 | |a Official measurement equivalent dose eye lens |y eng |
| 245 | 1 | 0 | |a Úradné meranie ekvivalentnej dávky pre očnú šošovku. |
| 260 | |c 2016 | ||
| 650 | 4 | |a očná šošovka |2 slo | |
| 650 | 4 | |a ekvivalentná dávka |2 slo | |
| 650 | 4 | |a Hp(3) |2 slo | |
| 650 | 4 | |a dozimeter |2 slo | |
| 650 | 4 | |a ionizujúce žiarenie |2 slo | |
| 650 | 4 | |a equivalent dose |2 eng | |
| 650 | 4 | |a dosimeter |2 eng | |
| 650 | 4 | |a Hp(3) |2 eng | |
| 650 | 4 | |a ionizing radiation |2 eng | |
| 650 | 4 | |a eye lens |2 eng | |
| 700 | 1 | |a Ďuriš, Stanislav |u 020020 |k Z1 |4 ths |U SjF Strojnícka fakulta |T SjF Ústav automatizácie, merania a aplikovanej informatiky |X 36537 |U J0020 |Y 802 |7 A000036537 | |
| 856 | 4 | |u http://is.stuba.sk/zp/portal_zp.pl?podrobnosti=120565 | |
| 996 | |b 284J044104 |c J* 2394/DP |l JJSK |s A |a 24 |w stuzp57895_0001 | ||
| SQL | |a stuzp57895 |b DDP |c SLO |d Úradné meranie ekvivalentnej dávky pre očnú šošovku. |e 9847 |f Maňúrová, Miroslava |g 020020 |h 36537 |i Ďuriš, Stanislav |j 20160616 |k 648 |l 02 |m http://is.stuba.sk/zp/portal_zp.pl?podrobnosti=120565 |n I-MESK |o 5.2.53. meranie | ||